Digital Electronics (Record no. 4714)

MARC details
000 -LEADER
fixed length control field 00401nam a22001697a 4500
005 - DATE AND TIME OF LATEST TRANSACTION
control field 20160629144545.0
008 - FIXED-LENGTH DATA ELEMENTS--GENERAL INFORMATION
fixed length control field 160629b xxu||||| |||| 00| 0 eng d
020 ## - INTERNATIONAL STANDARD BOOK NUMBER
ISBN 81-85749-60-4
041 ## - LANGUAGE CODE
Language code of text/sound track or separate title eng
082 ## - DEWEY DECIMAL CLASSIFICATION NUMBER
Item number 12439
100 ## - MAIN ENTRY--AUTHOR NAME
Personal name Gupta, Dr. B R & Singhal.V
245 ## - TITLE STATEMENT
Title Digital Electronics
260 ## - PUBLICATION, DISTRIBUTION, ETC. (IMPRINT)
Name of publisher Katson
Year of publication 2012
300 ## - PHYSICAL DESCRIPTION
Number of Pages 538
650 ## - SUBJECT ADDED ENTRY--TOPICAL TERM
Topical Term Diploma Engineering
942 ## - ADDED ENTRY ELEMENTS (KOHA)
Koha item type Books
Holdings
Lost status Damaged status Home library Current library Shelving location Date acquired Cost, normal purchase price Full call number Accession Number Koha item type Collection code
    JRU Library   SHELF-37-K 29/06/2016 275.00 12439 12439 Books  
    JRU Library   SHELF-37-K 29/06/2016 275.00 12439 12440 Books  
    JRU Library   SHELF-37-J 29/06/2016 275.00 12439 12441 Books  
    JRU Library   SHELF-37-K 29/06/2016 275.00 12439 12442 Books  
    JRU Library   SHELF-37-J 29/06/2016 275.00 12439 12443 Books  
    JRU Library   SHELF-37-K 29/06/2016 275.00 12439 12444 Books  
    JRU Library   SHELF-37-I 29/06/2016 275.00 12439 12445 Books  
    JRU Library   SHELF-37-K 29/06/2016 275.00 12439 12446 Books  
    JRU Library   SHELF-37-K 29/06/2016 275.00 12439 12447 Books  
    JRU Library   SHELF-37-I 29/06/2016 275.00 12439 12448 Books  
    JRU Library   SHELF-37-K 29/06/2016 275.00 12439 12449 Books  
    JRU Library JRU Library SHELF-58-D 29/06/2016 275.00 12439 12450 Books MINING
    JRU Library   SHELF-37-K 29/06/2016 275.00 12439 12451 Books  
    JRU Library   SHELF-37-K 29/06/2016 275.00 12439 12452 Books  
    JRU Library   SHELF-37-K 29/06/2016 275.00 12439 12453 Books  
    JRU Library JRU Library SHELF-58-D 29/06/2016 275.00 12439 12454 Books MINING
    JRU Library   SHELF-37-K 29/06/2016 275.00 12439 12455 Books  
    JRU Library JRU Library SHELF-58-D 29/06/2016 275.00 12439 12456 Books MINING
    JRU Library   SHELF-37-K 29/06/2016 275.00 12439 12457 Books  
    JRU Library   SHELF-37-I 29/06/2016 275.00 12439 12458 Books  
    JRU Library   SHELF-37-K 29/06/2016 275.00 12439 12459 Books  
    JRU Library   SHELF-37-K 29/06/2016 275.00 12439 12460 Books  
    JRU Library   SHELF-37-J 29/06/2016 275.00 12439 12461 Books  
    JRU Library   SHELF-37-K 29/06/2016 275.00 12439 12462 Books